000 00456nam a2200193Ia 4500
005 20250425162445.0
008 250425s9999 xx 000 0 und d
020 _a1560320915
041 _aeng
082 _a574.5263
245 0 _aFUNDAMENTALS OF AQUATIC TOXICOLOGY
250 _a2ND ED.
260 _aEstados Unidos
_bTAYLOR & FRANCIS
_c1995
260 _aNEW YORK
300 _a1124
650 _aTOXICOLOGIA
942 _c01
010 _a75416
999 _c229600
_d229600